书目信息 |
| 题名: |
国家认同教育融入中小学课程研究
|
|
| 作者: | 高维 著 | |
| 分册: | ||
| 出版信息: | 北京 中国社会科学出版社 2021.12 |
|
| 页数: | 268页 | |
| 开本: | 24cm | |
| 丛书名: | ||
| 单 册: | ||
| 中图分类: | G631.4 | |
| 科图分类: | ||
| 主题词: | 爱国主义教育--教学研究--中小学 | |
| 电子资源: | ||
| ISBN: | 978-7-5203-8658-6 | |
| 000 | 00996nam0 2200241 45 | |
| 001 | 012001000882 | |
| 005 | 20141202091556.0 | |
| 010 | @a978-7-5203-8658-6@dCNY89.00 | |
| 100 | @a20220905d2021 em y0chiy50 ea | |
| 101 | 0 | @achi |
| 102 | @aCN@b110000 | |
| 105 | @ay z 000yy | |
| 106 | @ar | |
| 200 | 1 | @a国家认同教育融入中小学课程研究@Aguo jia ren tong jiao yu rong ru zhong xiao xue ke cheng yan jiu@f高维等著 |
| 210 | @a北京@c中国社会科学出版社@d2021.12 | |
| 215 | @a268页@d24cm | |
| 300 | @a国家社会科学基金教育学青年课题“国家认同教育融入中小学课程的现状及优化策略研究”成果 | |
| 330 | @a本书在对认同教育融入中小学课程的概念和理论进行探讨的基础上,从课程标准和教材内容分析、现状调查两方面探究了我国国家认同教育融入中小学课程的状况,从典型学校案例分析、国外经验借鉴两方面寻求认同教育融入中小学课程的优化路径。 | |
| 606 | 0 | @a爱国主义教育@x教学研究@x中小学 |
| 690 | @aG631.4@v5 | |
| 701 | 0 | @a高维@Agao wei@4著 |
| 801 | 0 | @aCN@bAHXH@c20221111 |
| 905 | @b1370123-7@dG631.4@e1449@f5 | |
| 国家认同教育融入中小学课程研究/高维等著.-北京:中国社会科学出版社,2021.12 |
| 268页;24cm |
| 国家社会科学基金教育学青年课题“国家认同教育融入中小学课程的现状及优化策略研究”成果 |
| ISBN 978-7-5203-8658-6:CNY89.00 |
| 本书在对认同教育融入中小学课程的概念和理论进行探讨的基础上,从课程标准和教材内容分析、现状调查两方面探究了我国国家认同教育融入中小学课程的状况,从典型学校案例分析、国外经验借鉴两方面寻求认同教育融入中小学课程的优化路径。 |
| ● |
| 相关链接 |
|
|
|
|
正题名:国家认同教育融入中小学课程研究
索取号:G631.4/1449
 
预约/预借
| 序号 | 登录号 | 条形码 | 馆藏地/架位号 | 状态 | 备注 |
| 1 | 1370123 | 213701234 | 第一样本阅览室/ [索取号:G631.4/1449] | 在馆 | |
| 2 | 1370124 | 213701243 | 教育系资料室/ [索取号:G631.4/1449] | 在馆 | |
| 3 | 1370125 | 213701252 | 教育系资料室/ [索取号:G631.4/1449] | 在馆 | |
| 4 | 1370126 | 213701261 | 第四借阅区/ [索取号:G631.4/1449] | 在馆 | |
| 5 | 1370127 | 213701270 | 第四借阅区/ [索取号:G631.4/1449] | 在馆 |